Blockchain from concept to execution (Record no. 2704)

000 -LEADER
fixed length control field 00655nam a2200229Ia 4500
007 - PHYSICAL DESCRIPTION FIXED FIELD--GENERAL INFORMATION
fixed length control field ta
008 - FIXED-LENGTH DATA ELEMENTS--GENERAL INFORMATION
fixed length control field 230329t2023||||ii a ||gd|||||||1 ||eng||
020 ## - INTERNATIONAL STANDARD BOOK NUMBER
International Standard Book Number 9789389423426
Terms of availability Rs. 450.00
040 ## - CATALOGING SOURCE
Original cataloging agency IMU Kochi Library
Language of cataloging eng
041 0# - LANGUAGE CODE
Language code of text/sound track or separate title eng
044 ## - COUNTRY OF PUBLISHING/PRODUCING ENTITY CODE
MARC country code India
082 04 - DEWEY DECIMAL CLASSIFICATION NUMBER
Edition number 23
Classification number 005.74
Item number M7255
100 1# - MAIN ENTRY--PERSONAL NAME
Personal name Mohanty, Debajani
245 10 - TITLE STATEMENT
Title Blockchain from concept to execution
Sub Title : with 10 blockchains, 3 DLTs, 182 MCQs, 70 diagrams & many sample codes /
250 ## - EDITION STATEMENT
Edition statement 2nd rev. ed.
260 ## - PUBLICATION, DISTRIBUTION, ETC. (IMPRINT)
Place of publication, distribution, etc New Delhi:
Name of publisher, distributor, etc BPB Publications,
Date of publication, distribution, etc 2023
300 ## - PHYSICAL DESCRIPTION
Extent xx, 335 p. :
Other physical details ill. ;
Dimensions 23 cm.
650 #0 - SUBJECT ADDED ENTRY--TOPICAL TERM
Topical term or geographic name as entry element Blockchain
852 ## - LOCATION/CALL NUMBER
Location IMU Kochi Library
904 ## - LOCAL DATA ELEMENT D, LDD (RLIN)
CATALOGER Akhil Bose
942 ## - ADDED ENTRY ELEMENTS (KOHA)
Item type Books
Holdings
Withdrawn status Lost status Source of classification or shelving scheme Damaged status Not for loan Collection code Permanent location Current location Shelving location Date acquired Source of acquisition Cost, normal purchase price Full call number Barcode Date last seen Koha item type Public note Total Checkouts Date last borrowed
          Computer Science IMU Kochi Library IMU Kochi Library General Stacks 2023-03-29 M/S Technical Bureau India Pvt Ltd. (Inv. No. TB 3784 Dt. 2023-03-23) 450.00 005.74 M7255 BK006146 2023-06-19 Books Gen. Shelf-2, Row-2    
          Computer Science IMU Kochi Library IMU Kochi Library General Stacks 2023-03-29 M/S Technical Bureau India Pvt Ltd. (Inv. No. TB 3784 Dt. 2023-03-23) 450.00 005.74 M7255 BK006147 2025-05-29 Books Gen. Shelf-2, Row-2 3 2025-02-27
          Computer Science IMU Kochi Library IMU Kochi Library General Stacks 2023-03-29 M/S Technical Bureau India Pvt Ltd. (Inv. No. TB 3784 Dt. 2023-03-23) 450.00 005.74 M7255 BK006148 2023-06-19 Books Gen. Shelf-2, Row-2    
          Computer Science IMU Kochi Library IMU Kochi Library General Stacks 2023-03-29 M/S Technical Bureau India Pvt Ltd. (Inv. No. TB 3784 Dt. 2023-03-23) 450.00 005.74 M7255 BK006149 2025-02-04 Books Gen. Shelf-2, Row-2 2 2025-02-04
          Computer Science IMU Kochi Library IMU Kochi Library General Stacks 2023-03-29 M/S Technical Bureau India Pvt Ltd. (Inv. No. TB 3784 Dt. 2023-03-23) 450.00 005.74 M7255 BK006150 2024-05-07 Books Gen. Shelf-2, Row-2 1 2024-05-07


Copyright © All Rights Reserved by Indian Maritime University, Kochi Campus.
For any Suggestions/Query Contact to library or Email: library.kochi@imu.ac.in Ph:(0484)-2989402
(Web OPAC Designed by Rudra Ranjan. Maintained by IMU Kochi Library)

Powered by Koha